Banking Currency & Finance (Record no. 346469)
[ view plain ]
| 000 -LEADER | |
|---|---|
| fixed length control field | 00486 a2200181 4500 |
| 082 ## - DEWEY DECIMAL CLASSIFICATION NUMBER | |
| Classification number | 332.1 |
| 090 ## - LOCALLY ASSIGNED LC-TYPE CALL NUMBER (OCLC); LOCAL CALL NUMBER (RLIN) | |
| -- | 4010 |
| -- | 4010 |
| 100 ## - MAIN ENTRY--PERSONAL NAME | |
| Personal name | Muhammad Saeed Khan |
| 245 ## - TITLE STATEMENT | |
| Title | Banking Currency & Finance |
| Statement of responsibility, etc. | Muhammad Saeed Khan |
| 250 ## - EDITION STATEMENT | |
| Remainder of edition statement | Revised Edition |
| 260 ## - PUBLICATION, DISTRIBUTION, ETC. | |
| Place of publication, distribution, etc. | Multan, Pakistan |
| Name of publisher, distributor, etc. | Marhaba Publishers |
| Date of publication, distribution, etc. | 1999 |
| 300 ## - PHYSICAL DESCRIPTION | |
| Extent | 296 |
| 500 ## - GENERAL NOTE | |
| General note | paperback |
| 505 ## - FORMATTED CONTENTS NOTE | |
| Title | Muhammad Saeed Khan |
| 600 ## - SUBJECT ADDED ENTRY--PERSONAL NAME | |
| Personal name | Muhammad Saeed Khan |
| 700 ## - ADDED ENTRY--PERSONAL NAME | |
| Personal name | Muhammad Saeed Khan |
| 942 ## - ADDED ENTRY ELEMENTS (KOHA) | |
| Institution code [OBSOLETE] | NBS |
| Koha item type | Book |
| Call number prefix | 332.1 KHA |
| Withdrawn status | Lost status | Damaged status | Not for loan | Permanent Location | Current Location | Date acquired | Total Checkouts | Full call number | Barcode | Date last seen | Date last checked out | Price effective from | Koha item type |
|---|---|---|---|---|---|---|---|---|---|---|---|---|---|
| Central Library (CL) | Central Library (CL) | 08/28/2013 | 1 | 332.1 KHA | NBS2088 | 11/22/2017 | 07/31/2017 | 08/28/2013 | Book |
